000 00890nam a22002897a 4500
003 CHAP
005 20220329141607.0
008 971013s1962 r 00010 d
010 _a70690
011 _a71662
035 _a81216
040 _cCHAP
082 _a637.1
_bA3
110 _aAgencia para el Desarrollo Internacional
_91116
245 _aRequirements for processing of dairy products
260 _aWashington :
_bLa Agencia,
_c1962
300 _a97 h.
_b: ilus.
590 _aBATCH-UPD
_b10
_c20130110
_lUCH01
_h1601
590 _aBATCH-UPD
_b10
_c20130410
_lUCH01
_h0958
590 _aBATCH-UPD
_b10
_c20130914
_lUCH01
_h1635
590 _aCONVERSION
_b10
_c20130109
_lUCH01
_h1339
650 1 4 _aIndustria lechera.
_957819
650 1 4 _aProductos lácteos.
_992124
901 _aBK
942 _cLIBRO
949 _a637.1 A3
_bBC
_cLIBRO
_d33724000103289
_eLIBRO
_h48646
_i81216
_mD.
_si
999 _c70690
_d70690